本当に存在する駅は?近鉄編 - Statistics

General Stats
  • This quiz has been taken 44 times
  • The average score is 12 of 16
Answers on the Grid
Answers color-coded by a green-red scale on the quiz's grid according to % correct below.
近鉄蟹江
近鉄郡山
近鉄御所
近鉄下田
近鉄新庄
近鉄丹波橋
近鉄富田
近鉄長島
近鉄名古屋
近鉄奈良
近鉄日本橋
近鉄八田
近鉄宮津
近鉄八尾
近鉄弥富
近鉄四日市
近鉄難波
近鉄上本町
近鉄京都
近鉄津
近鉄鶴橋
近鉄河内永和
近鉄岐阜
近鉄東京
近鉄久宝寺
近鉄王寺
近鉄松坂
近鉄阿部野橋
近鉄祝園
近畿日本鉄道
 
Answer Stats
Answer % Correct
近鉄名古屋
91%
近鉄奈良
89%
近鉄八尾
89%
近鉄四日市
89%
近鉄蟹江
80%
近鉄丹波橋
80%
近鉄富田
80%
近鉄弥富
74%
近鉄日本橋
71%
近鉄八田
71%
近鉄宮津
71%
近鉄郡山
69%
近鉄下田
69%
近鉄新庄
69%
近鉄長島
69%
近鉄御所
66%
No matching quizzes found
Score Distribution
Percent of People with Each Score
Percentile by Number Answered
Your Score History
You have not taken this quiz